<?xml version="1.0" encoding="UTF-8"?><marc:collection xmlns:marc="http://www.loc.gov/MARC21/slim">
  <marc:record>
    <marc:leader>00000nam##2200000za#4500</marc:leader>
    <marc:controlfield tag="001">9.637714</marc:controlfield>
    <marc:controlfield tag="003">CaOODSP</marc:controlfield>
    <marc:controlfield tag="005">20250611103550</marc:controlfield>
    <marc:controlfield tag="007">cr |||||||||||</marc:controlfield>
    <marc:controlfield tag="008">150407|1997||||xxc|||||o    f|0| 0 fre|d</marc:controlfield>
    <marc:datafield tag="040" ind1=" " ind2=" ">
      <marc:subfield code="a">CaOODSP</marc:subfield>
      <marc:subfield code="b">fre</marc:subfield>
    </marc:datafield>
    <marc:datafield tag="043" ind1=" " ind2=" ">
      <marc:subfield code="a">n-cn---</marc:subfield>
    </marc:datafield>
    <marc:datafield tag="086" ind1="1" ind2=" ">
      <marc:subfield code="a">A42-70/2-1997F-PDF</marc:subfield>
    </marc:datafield>
    <marc:datafield tag="110" ind1="1" ind2=" ">
      <marc:subfield code="a">Canada. </marc:subfield>
      <marc:subfield code="b">Agriculture et agroalimentaire Canada.</marc:subfield>
    </marc:datafield>
    <marc:datafield tag="245" ind1="1" ind2="0">
      <marc:subfield code="a">Projets sur la biodiversité : </marc:subfield>
      <marc:subfield code="h">[ressource électronique]</marc:subfield>
      <marc:subfield code="b">Agriculture et Agroalimentaire Canada </marc:subfield>
    </marc:datafield>
    <marc:datafield tag="260" ind1=" " ind2=" ">
      <marc:subfield code="a">Ottawa - Ontario : </marc:subfield>
      <marc:subfield code="b">Agriculture et Agroalimentaire Canada </marc:subfield>
      <marc:subfield code="c">1997.</marc:subfield>
    </marc:datafield>
    <marc:datafield tag="300" ind1=" " ind2=" ">
      <marc:subfield code="a">37p.</marc:subfield>
      <marc:subfield code="b">glossaire</marc:subfield>
    </marc:datafield>
    <marc:datafield tag="500" ind1=" " ind2=" ">
      <marc:subfield code="a">«Le présent document dresse l'inventaire des projets d'Agriculture et Agro-alimentaire Canada qui contribuent à la conservation de la biodiversité et à l'utilisation durable des ressources biologiques. Il ne présente donc que les projets d'ACC touchant les écosystèmes, la faune et la flore, ainsi que les ressources génétiques. Il ne traite pas de la vaste gamme d'activité actuellement menées aux niveaux provincial et municipal.»--Page 1.</marc:subfield>
    </marc:datafield>
    <marc:datafield tag="500" ind1=" " ind2=" ">
      <marc:subfield code="a">Le n° de catalogue (A42-70/2-1997F) et l’ISBN (0-662-25108-3) de l'édition imprimée ont été incorrectement copiés dans cette édition électronique. -- «Mise en oeuvre de la Stratégie canadienne de la biodiversité».</marc:subfield>
    </marc:datafield>
    <marc:datafield tag="504" ind1=" " ind2=" ">
      <marc:subfield code="a">Bibliographie.</marc:subfield>
    </marc:datafield>
    <marc:datafield tag="520" ind1="3" ind2=" ">
      <marc:subfield code="a">Le présent document dresse l'inventaire des projets d'Agriculture et Agro-alimentaire Canada qui contribuent à la conservation de la biodiversité et à l'utilisation durable des ressources biologiques. Il ne présente donc que les projets d'ACC touchant les écosystèmes, la faune et la flore, ainsi que les ressources génétiques. Il ne traite pas de la vaste gamme d'activité actuellement menées aux niveaux provincial et municipal.--Page 1</marc:subfield>
    </marc:datafield>
    <marc:datafield tag="590" ind1=" " ind2=" ">
      <marc:subfield code="a">10-05-Supp</marc:subfield>
      <marc:subfield code="b">2010-07-20</marc:subfield>
    </marc:datafield>
    <marc:datafield tag="691" ind1="0" ind2="7">
      <marc:subfield code="a">Gestion de l'environnement</marc:subfield>
      <marc:subfield code="2">gcpds</marc:subfield>
    </marc:datafield>
    <marc:datafield tag="691" ind1="0" ind2="7">
      <marc:subfield code="a">Industrie agro-alimentaire</marc:subfield>
      <marc:subfield code="2">gcpds</marc:subfield>
    </marc:datafield>
    <marc:datafield tag="691" ind1="0" ind2="7">
      <marc:subfield code="a">Milieu rural</marc:subfield>
      <marc:subfield code="2">gcpds</marc:subfield>
    </marc:datafield>
    <marc:datafield tag="775" ind1="0" ind2="8">
      <marc:subfield code="t">Biodiversity initiatives : </marc:subfield>
      <marc:subfield code="w">(CaOODSP)9.693538</marc:subfield>
    </marc:datafield>
    <marc:datafield tag="776" ind1="0" ind2="#">
      <marc:subfield code="t">Projets sur la biodiversité: Agriculture et Agroalimentaire Canada </marc:subfield>
      <marc:subfield code="w">(CaOODSP)9.679908</marc:subfield>
    </marc:datafield>
    <marc:datafield tag="856" ind1="4" ind2="0">
      <marc:subfield code="a">http://publications.gc.ca</marc:subfield>
      <marc:subfield code="q">PDF</marc:subfield>
      <marc:subfield code="s">1.96 Ko</marc:subfield>
      <marc:subfield code="u">https://publications.gc.ca/collections/Collection/A42-70-2-1997F.pdf</marc:subfield>
    </marc:datafield>
  </marc:record>
</marc:collection>
